| 000 | 00419nam a2200157Ia 4500 | ||
|---|---|---|---|
| 008 | 230312s9999||||xx |||||||||||||| ||und|| | ||
| 020 | _a0-7506-9596-X | ||
| 082 |
_a615.82071 _bSHE-T |
||
| 100 | _aShepard;Katherine.F | ||
| 245 | 0 | _aTeaching for Physical Therapists | |
| 260 |
_bButterworth _aIndia _c1997 |
||
| 300 | _a406 | ||
| 546 | _aEng. | ||
| 650 |
_aPhysiotherapy _vTeaching for Physical Therapists |
||
| 942 | _cBK | ||
| 999 |
_c7882 _d7882 |
||